Gesetzentwurf der Fraktionen der CDU/CSU, SPD und FDP: Entwurf eines Gesetzes zur verbesserten Abschöpfung von Vermögensvorteilen aus Straftaten
| Corporate Author: | |
|---|---|
| Format: | Print Book |
| Language: | German |
| Published: |
Bonn
Bundesanzeiger
1998
|
| In: |
Verhandlungen des Deutschen Bundestages (13,9742)
Year: 1998 |
| Availability in Tübingen: | Present in Tübingen. IFK: P I 595 |
| Check availability: | HBZ Gateway |
| Subito Delivery Service: | Order now. |
MARC
| LEADER | 00000cam a22000002c 4500 | ||
|---|---|---|---|
| 001 | 1137380551 | ||
| 003 | DE-627 | ||
| 005 | 20220517125007.0 | ||
| 007 | tu | ||
| 008 | 980729s1998 xx ||||| 00| ||ger c | ||
| 035 | |a (DE-627)1137380551 | ||
| 035 | |a (DE-576)067380557 | ||
| 035 | |a (DE-599)BSZ067380557 | ||
| 040 | |a DE-627 |b ger |c DE-627 |e rakwb | ||
| 041 | |a ger | ||
| 110 | 2 | |a Deutschland |b Bundesregierung |0 (DE-588)2117038-1 |0 (DE-627)101515669 |0 (DE-576)193781239 |4 aut | |
| 245 | 1 | 0 | |a Gesetzentwurf der Fraktionen der CDU/CSU, SPD und FDP |b Entwurf eines Gesetzes zur verbesserten Abschöpfung von Vermögensvorteilen aus Straftaten |c Bundesregierung |
| 264 | 1 | |a Bonn |b Bundesanzeiger |c 1998 | |
| 300 | |a 30 S. | ||
| 336 | |a Text |b txt |2 rdacontent | ||
| 337 | |a ohne Hilfsmittel zu benutzen |b n |2 rdamedia | ||
| 338 | |a Band |b nc |2 rdacarrier | ||
| 490 | 1 | |a Verhandlungen des Deutschen Bundestages |a Drucksachen |v 13,9742 | |
| 583 | 1 | |a Archivierung prüfen |c 20200919 |f DE-640 |z 1 |2 pdager | |
| 810 | 2 | |a Deutschland |b Deutscher Bundestag |t Verhandlungen des Deutschen Bundestages |p Drucksachen |v 13,9742 |9 13,9742 |w (DE-627)129112100 |w (DE-576)029136547 |w (DE-600)31830-9 |x 0722-8333 |7 am | |
| 951 | |a BO | ||
| ELC | |b 1 | ||
| LOK | |0 000 xxxxxcx a22 zn 4500 | ||
| LOK | |0 001 2331559015 | ||
| LOK | |0 003 DE-627 | ||
| LOK | |0 004 1137380551 | ||
| LOK | |0 005 20010810000000 | ||
| LOK | |0 008 980729||||||||||||||||ger||||||| | ||
| LOK | |0 040 |a DE-21-110 |c DE-627 |d DE-21-110 | ||
| LOK | |0 852 |a DE-21-110 | ||
| LOK | |0 852 1 |c P I 595 |m p |9 00 | ||
| LOK | |0 935 |a k110 | ||
| LOK | |0 936ln |a 2.4 | ||
| LOK | |0 938 |k p | ||
| LOK | |0 939 |a 29-07-98 |b l01 | ||
| ORI | |a SA-MARC-krimdoka001.raw | ||
| SIG | |a IFK: P I 595 | ||
